|
|
|
|
| LEADER |
00000nam a2200000 a 4500 |
| 001 |
vtls001369618 |
| 003 |
SK-MaSNL |
| 005 |
20260301115311.0 |
| 008 |
240316s1986 xo 0 und |
| 035 |
|
|
|a SNK000323358
|
| 040 |
|
|
|a SNK
|b slo
|c SNK
|e AACR2
|
| 044 |
|
|
|a xo
|c SK
|
| 100 |
1 |
|
|a Ďurina, Štefan,
|d 1915-1997
|4 aut
|9 49177
|
| 245 |
1 |
|
|a Technológia
|
| 260 |
|
|
|a Bratislava
|b Vysoká škola v Bratislave
|c 1986
|
| 300 |
|
|
|a 232 s.
|
| 958 |
|
|
|a OND
|
| 999 |
|
|
|c 721649
|d 723579
|
| 952 |
|
|
|a SNK
|b SNK
|y PREZ
|7 0
|p 17A0836378
|o snkSB 40391/1
|0 0
|1 0
|4 0
|d 2012-05-06
|l 0
|r 2025-04-25 00:00:00
|w 2026-02-23
|
| 952 |
|
|
|t P60, <04>, [BOOK], {604}
|a SNK
|b SNK
|y VYP
|7 0
|p 17A0205248
|o snkSB 40391/1 D1
|0 0
|1 0
|4 0
|d 1999-08-04
|l 0
|r 2005-01-02 00:00:00
|w 2026-02-23
|